उपभोक्ता संरक्षण कानून एवं व्यवहार / (Record no. 64781)

MARC details
000 -LEADER
fixed length control field 00831nam a22001817a 4500
005 - DATE AND TIME OF LATEST TRANSACTION
control field 20120409123028.0
020 ## - INTERNATIONAL STANDARD BOOK NUMBER
Terms of availability 550.00
International Standard Book Number 8179100030
035 ## - SYSTEM CONTROL NUMBER
System control number B-74620
037 ## - SOURCE OF ACQUISITION
Source of stock number/acquisition
Stock number dpl
082 ## - DEWEY DECIMAL CLASSIFICATION NUMBER
Classification number 343.071
100 ## - MAIN ENTRY--PERSONAL NAME
Personal name खंडेला, मान चंद
245 1# - TITLE STATEMENT
Title उपभोक्ता संरक्षण कानून एवं व्यवहार /
Statement of responsibility, etc मान चंद खंडेला
260 ## - PUBLICATION, DISTRIBUTION, ETC. (IMPRINT)
Place of publication, distribution, etc जयपुर
Name of publisher, distributor, etc आविष्कार पब्लिशर्स
Date of publication, distribution, etc 2002
270 ## - ADDRESS
Address
City
Postal code
Telephone number
300 ## - PHYSICAL DESCRIPTION
Extent 287पृ.
Dimensions 22सेमी (सजिल्द)
942 ## - ADDED ENTRY ELEMENTS (KOHA)
Institution code [OBSOLETE] dpl
Item type Hindi Books
Call number prefix
Source of classification or shelving scheme Dewey Decimal Classification
Classification part 343.071
Call number suffix खंडेला
Holdings
Withdrawn status Lost status Not for loan Collection code Home library Current library Date acquired Cost, normal purchase price Full call number Barcode Cost, replacement price Koha item type Public note
      Non-fiction Sarojini Nagar Sarojini Nagar 09/04/2012 550.00 343.071 खंडेला B-74620 550.00 Hindi Books Withdrawn List Prepared List No.36/24

© Delhi Public Library
Hit Counter
free hit counter